00787nam a2200217 a 450000500170000000800410001701000230005802000230008102000260010403500530013003700620018304000180024508200120026310000090027524500870028426000440037127000810041530000300049649000250052670000180055120181128170801.0061121s2007 ii a b 001 0 eng  aB-284203, B-182685 a817182210Xc250.00 a9788171822102c250.00 aB-284203, B-182684, B-182682, B-182685, B-182686 bDiamond Pocket Books/DPB-1779/31.7.08/124/21.7.08/13.8.08 adplbEnglish  a181.499 aOsho aAnd the flowers showered: discourses on Zen /cby Osho; edited by Ma Ananda Nirgun aNew Delhi bDiamond Pocket Books c2008 aX-30, Okhla Industrial Area, Phase-II, New Delhi-110020bNew Delhi e110020 axi, 293p.b c21 cm (pbk) aA.H.W. Sameer Series aAnanda Nirgun